| 000 | 00512nam a2200169 i 4500 | ||
|---|---|---|---|
| 001 | 63629 | ||
| 003 | ES-MaACL | ||
| 005 | 20230906164929.0 | ||
| 007 | t| | ||
| 008 | 031215s1957 sp ||||1| spa d | ||
| 100 | 1 |
_aFeuchtwanger, Lion. _950633 |
|
| 245 | 1 | 0 |
_aBalada española / _cLion Feuchtwanger ; [versión española de Vicente de Artadi]. |
| 260 |
_aBarcelona : _bExito, _c[1957] ( _fDuplex) |
||
| 300 |
_a338 p. ; _c20 cm. |
||
| 700 | 1 |
_aArtadi, Vicente de. _923414 |
|
| 852 |
_aES-MaACL _jC-12205 _bR.40124 |
||
| 999 |
_c63629 _d63629 |
||